000 00653nam a2200289Ia 4500
005 20260324125805.0
008 008 260324s9999 xx 000 0 eng d
020 _a9780203462072
037 _aEBOOK
040 _aCRL
040 _beng
040 _cCRL
041 _2eng
041 _aeng
084 _qCRL
100 _aThomas Hall
_91179335
245 0 _aStockholm
245 4 _bThe Making of a Metropolis
260 _bTaylor and Francis
260 _c2008
365 _a
365 _b230
856 _uhttp://www.taylorfrancis.com/books/9780203462072
942 _cEBOOK
999 _c1774900
_d1774900